000 00337nam a2200133Ia 4500
008 240624s9999 xx 000 0 und d
041 _aeng
082 _a658.408 ESB
100 _aPEDERSEN ESBEN RAHBEK GJERDRU
245 _aCORPORATE SOCIAL RESPONSIBILITY
260 _c2015
_aNew Delhi
_bSage
300 _a312 : p.
365 _cGBP
_b38
999 _c24288
_d24288